Tống cung mười tám triều Tập 2

محفوظ في:
التفاصيل البيبلوغرافية
المؤلف الرئيسي: Hứa Mộ Hi
مؤلفون آخرون: Vũ Ngọc Quỳnh (dịch)
التنسيق: كتاب
اللغة:Vietnamese
منشور في: Đà Nẵng Nxb. Đà Nẵng 2001
الموضوعات:
الوسوم: إضافة وسم
لا توجد وسوم, كن أول من يضع وسما على هذه التسجيلة!
Thư viện lưu trữ: Mạng thư viện Đại học Đà Nẵng
LEADER 01357nam a2200373 4500
001 000005007
003 1149
005 20120508150543.0
008 110808s2001 viesd
020 |c 90000đ 
041 0 |a vie 
082 |a 895.1  |b HƯ-H 
100 0 |a Hứa Mộ Hi 
245 1 0 |a Tống cung mười tám triều  |c Hữu Mộ Hi ; Vũ Ngọc Quỳnh dịch  |n Tập 2 
260 |a Đà Nẵng  |b Nxb. Đà Nẵng  |c 2001 
300 |a 1718 tr  |c 19 cm 
500 |a Tên tác giả ghi ngoài bìa: Hứa Mộ Hi. - Tên sách nguyên bản Trung bản: Tống Cung thập bát triều diễn nghĩa 
504 |a Tập 2 
653 |a Văn học hiện đại 
653 |a Trung Quốc 
653 |a Tiểu thuyết dã sử 
700 |a Vũ Ngọc Quỳnh  |e dịch 
773 |t Tống cung mười tám triều  |w 1146 
910 |a Nguyễn Thị Kim Oanh  |d 08 /08/ 2011 
OWN |a LSP 
AVA |a UDN50  |b LSP  |d 895.1 HƯ-H  |e available  |t Error 5001 Not defined in file expand_doc_bib_avail.  |f 3  |g 0  |h N  |i 0  |k 1 
999 |a From the UDN01 
AVA |a UDN50  |b LSP  |d 895.1 HƯ-H  |e available  |t Error 5001 Not defined in file expand_doc_bib_avail.  |f 3  |g 0  |h N  |i 0  |k 1 
TYP |a Monograph 
TYP |a Printed language 
980 |a Mạng thư viện Đại học Đà Nẵng